000 02289cam a22001934a 4500
005 20250605164222.0
008 250528s ||||||||||||||||||||||||d
035 _a20699
020 _a9601406352
040 _aGR-AtMCL
_bgre
_dGR-AtMCL
_eAACR2
245 1 _aΠλάτωνας, Όχι Πρόζακ! / Η Εφαρμογή της Φιλοσοφίας στα Καθημερινά Προβλήματα
260 _bΑ. Α. Λιβάνη,
_c2002
300 _a480
520 _aΑυτό το βιβλίο βασίζεται στους μεγαλύτερους φιλόσοφους και στις σημαντικότερες φιλοσοφικές θεωρίες της ιστορίας για να σας δείξει πώς να προσεγγίζετε τα σημαντικά θέματα της ζωής σας. Νέες Χρήσεις της Αρχαίας Σοφίας, Τι Πήγε Λάθος με τη Φιλοσοφία και τι πάει σωστά με αυτήν τελευταία, Θεραπεία και Θεραπέια Παντού και Ούτε μια Ιδέα για να Σκεφτούμε, PEACE: Πέντε Βήματα για να Αντιμετωπίσουμε τα Προβλήματα Φιλοσοφικά, Τι μας Διαφεύγει από τις Βασικές Φιλοσοφικές Γνώσεις που θα μπορούσε να μας βοηθήσει τώρα, Αντιμετώπιση των Καθημερινών Προβλημάτων, Αναζήτηση μιας Σχέσης, Συντήρηση μιας Σχέσης, Το Τέλος μιας Σχέσης, Οικογενειακή Ζωή και Συγκρούσεις, Όταν η Δουλειά δεν Ανταποδίδει, Μέση Ηλικία Χωρίς Κρίση, Γιατί να Είναι Κανείς Αγνός και Ηθικός, Βρίσκοντας Νόημα και Σκοπό, Κερδίζοντας από την Απώλεια, Πέρα από την Συμβουλευτική Πελατών, Εφαρμογή της Φιλοσοφίας σε Ομάδες και Οργανισμούς, Επιπρόσθετες Πηγές Πληροφοριών, Παραρτήματα.
700 1 _aΜαρίνοφ Λου
_96665
942 _cBK
999 _c5785
_d5785